000 00429nab a2200145Ia 4500
003 ES-SlBCS
005 20210601124259.0
008 140529s1956 xxu||||| |||| 00| 0 eng d
041 _aeng
100 1 _aKelly, Cajetan
_9139032
245 0 0 _aSt. Ignatius and the Dominicans
_c Cajetan Kelly
600 0 4 _aIgnacio de Loyola-Dominicos
_9139033
773 0 _tDominicana
_gvol. 41, nº. 3, 1956, págs. 244-249
_wRev1398
942 _cAR
999 _c512241
_d512241